00287nam a2200109Ia 4500008004100000100001800041245003700059260004300096650001400139942000700153999001700160190216s9999||||xx |||||||||||||| ||und|| aKrishnan Nair 0aMalayalam-Prlobanangale Pranamam bSahithya Pravarthaka Sahakarana Sangam aMalayalam cBK c25960d25960